Zvýšenie presnosti merania teploty pomocou TST aplikáciou rôznych metód merania.
Salvato in:
| Autore principale: | |
|---|---|
| Altri autori: | |
| Natura: | Manoscritto Libro |
| Lingua: | slovacco inglese |
| Pubblicazione: |
2015
|
| Soggetti: | |
| Accesso online: | http://is.stuba.sk/zp/portal_zp.pl?podrobnosti=98263 |
| Tags: |
Nessun Tag, puoi essere il primo ad aggiungerne!!
|
MARC
| LEADER | 00000ntm a22000003a 4500 | ||
|---|---|---|---|
| 001 | stuzp35475 | ||
| 003 | SK-STU | ||
| 005 | 20160719152943.2 | ||
| 007 | ta | ||
| 008 | 150427s2015----xo-----f-mn---000-0-slo-d | ||
| 040 | |a STU |b slo | ||
| 041 | 0 | |a eng | |
| 100 | 1 | |a Pavlásek, Peter |u 020020 |4 aut |U SjF Strojnícka fakulta |T SjF Ústav automatizácie, merania a aplikovanej informatiky |X 51210 |U J0020 |Y 802 |7 A000051210 | |
| 242 | 0 | 1 | |a Zvýšenie presnosti merania teploty pomocou TST aplikáciou rôznych metód merania. |y slo |
| 245 | 1 | 0 | |a Zvýšenie presnosti merania teploty pomocou TST aplikáciou rôznych metód merania. |
| 260 | |c 2015 | ||
| 300 | |a 91 s. | ||
| 650 | 4 | |a bežné kovy |2 slo | |
| 650 | 4 | |a ušľachtilé kovy |2 slo | |
| 650 | 4 | |a Termočlánky |2 slo | |
| 650 | 4 | |a zvýšenie presnosti |2 slo | |
| 650 | 4 | |a meranie teploty |2 slo | |
| 650 | 4 | |a Thermocouples |2 eng | |
| 650 | 4 | |a base metal |2 eng | |
| 650 | 4 | |a noble metal |2 eng | |
| 650 | 4 | |a precision improvement |2 eng | |
| 650 | 4 | |a temperature measurement |2 eng | |
| 700 | 1 | |a Ďuriš, Stanislav |4 ths |X 36537 |7 A000036537 | |
| 856 | 4 | |u http://is.stuba.sk/zp/portal_zp.pl?podrobnosti=98263 | |
| 996 | |b 284J044477 |c J* 117759 |l JJST |s P |a 0 |w stuzp35475_0001 | ||
| SQL | |a stuzp35475 |b DDZ |c ENG |d Zvýšenie presnosti merania teploty pomocou TST aplikáciou rôznych metód merania. |e 51210 |f Pavlásek, Peter |g 020020 |h 36537 |i Ďuriš, Stanislav |j 20150827 |k 68 |l 02 |m http://is.stuba.sk/zp/portal_zp.pl?podrobnosti=98263 |n D-MT |o 5.2.55. metrológia | ||